[Event "South Normanton 4NCL op 23rd"]
[Site "South Normanton"]
[Date "2019.10.05"]
[Round "2"]
[White "Ansmann, Klaas"]
[Black "Merriman, James"]
[Result "1-0"]
[WhiteElo "1984"]
[BlackElo "1910"]
[PlyCount "107"]
[EventDate "2019.10.04"]
[EventType "swiss"]
[EventRounds "5"]
[EventCountry "ENG"]
[SourceTitle "CBM 192 Extra"]
[Source "Chessbase"]
[SourceDate "2019.11.06"]
[SourceVersion "1"]
[SourceVersionDate "2019.11.06"]
[SourceQuality "1"]

1. e4 e6 2. d4 d5 3. exd5 exd5 4. Nf3 Bd6 5. c4 Nf6 6. Nc3 dxc4 7. Bxc4 0-0 8. 0-0 c6 9. Bg5 Bg4 10. h3 Bh5 11. g4 Bg6 12. Ne5 Nbd7 13. f4 Qc7 14. Nxd7 Nxd7 15. f5 Nb6 16. Bb3 h6 17. Bxh6 Bh7 18. Bd2 Rad8 19. Be3 Rfe8 20. Qf3 Be7 21. Rad1 c5 22. Nb5 Qd7 23. dxc5 Qxb5 24. cxb6 Rxd1 25. Rxd1 axb6 26. Qd5 Qxd5 27. Rxd5 g6 28. Kf2 gxf5 29. gxf5 Bh4+ 30. Kf3 Bf6 31. Rd7 Re7 32. Rxe7 Bxe7 33. Kf4 Bf6 34. Bxb6 Bxb2 35. Bd5 Kf8 36. Bxb7 Ke7 37. a4 Bc1+ 38. Ke4 Bd2 39. a5 Bxa5 40. Bxa5 f6 41. Bd5 Kf8 42. Bb4+ Kg7 43. Kf4 Kh6 44. Kg4 Kg7 45. Bc3 Kh6 46. Bd4 Kg7 47. Bc5 Kh8 48. Bf8 Bg8 49. Bxg8 Kxg8 50. Bc5 Kh7 51. Kh5 Kh8 52. Kg6 Kg8 53. Kxf6 Kh7 54. Ke7 1-0

[Event "South Normanton 4NCL op 23rd"]
[Site "South Normanton"]
[Date "2019.10.05"]
[Round "3"]
[White "Ansmann, Klaas"]
[Black "Vieira, Jose Pedro"]
[Result "1-0"]
[WhiteElo "1984"]
[BlackElo "1463"]
[PlyCount "57"]
[EventDate "2019.10.04"]
[EventType "swiss"]
[EventRounds "5"]
[EventCountry "ENG"]
[SourceTitle "CBM 192 Extra"]
[Source "Chessbase"]
[SourceDate "2019.11.06"]
[SourceVersion "1"]
[SourceVersionDate "2019.11.06"]
[SourceQuality "1"]

1. d4 d5 2. Nf3 Nf6 3. g3 e6 4. Bg2 Be7 5. 0-0 0-0 6. c4 c6 7. Qc2 Nbd7 8. Nbd2 c5 9. b3 cxd4 10. Nxd4 e5 11. Nf5 dxc4 12. Nxc4 Re8 13. Rd1 Qc7 14. Bb2 Bc5 15. Rac1 Rb8 16. Nce3 Qb6 17. Kf1 Qa6 18. a3 e4 19. Nc4 Re6 20. b4 Bf8 21. Nd4 b5 22. Nxe6 Qxe6 23. Na5 Qf5 24. h3 Ne5 25. Bxe5 Qxe5 26. Nc6 Qh5 27. Nxb8 Bxh3 28. Rd8 Bf5 29. Qc5 1-0

[Event "Niedersachsen-ch M"]
[Site "Verden"]
[Date "2007.01.07"]
[Round "9"]
[White "Heinemann, Ernst"]
[Black "Ansmann, Klaas"]
[Result "1-0"]
[WhiteElo "2083"]
[BlackElo "1755"]
[PlyCount "51"]
[EventDate "2007.01.03"]
[EventType "swiss"]
[EventRounds "9"]
[EventCountry "GER"]
[SourceTitle "EXT 2008"]
[Source "ChessBase"]
[SourceDate "2007.11.25"]
[SourceVersion "1"]
[SourceVersionDate "2007.11.25"]
[SourceQuality "1"]

1. e4 c6 2. d4 d5 3. e5 Bf5 4. Bd3 Bxd3 5. Qxd3 e6 6. Ne2 Qa5+ 7. Nbc3 Qa6 8. Qh3 c5 9. 0-0 Nc6 10. Be3 cxd4 11. Nxd4 Nxe5 12. Rfe1 0-0-0 13. Bg5 Nc6 14. Nxc6 Qxc6 15. Bxd8 Kxd8 16. Rad1 Nf6 17. Qe3 Bc5 18. Qg3 Rg8 19. Qf3 Kc7 20. a3 Bd6 21. Ne2 Kb8 22. Nd4 Qc7 23. h3 a6 24. b4 Rc8 25. b5 Qa5 26. bxa6 1-0

[Event "Niedersachsen-ch M"]
[Site "Verden"]
[Date "2007.01.05"]
[Round "5"]
[White "Ansmann, Klaas"]
[Black "Laake, Jasmin Maria"]
[Result "0-1"]
[WhiteElo "1755"]
[BlackElo "2017"]
[PlyCount "56"]
[EventDate "2007.01.03"]
[EventType "swiss"]
[EventRounds "9"]
[EventCountry "GER"]
[SourceTitle "EXT 2008"]
[Source "ChessBase"]
[SourceDate "2007.11.25"]
[SourceVersion "1"]
[SourceVersionDate "2007.11.25"]
[SourceQuality "1"]

1. Nf3 Nf6 2. b3 g6 3. Bb2 Bg7 4. e3 0-0 5. Be2 c5 6. c4 Nc6 7. a3 e6 8. d3 d5 9. cxd5 exd5 10. Qc2 Qe7 11. Nbd2 b5 12. Rc1 Nd7 13. Bxg7 Kxg7 14. 0-0 Bb7 15. Rfe1 Qf6 16. Bf1 Rac8 17. e4 d4 18. g3 Nce5 19. Nxe5 Nxe5 20. h3 Qg5 21. Kh2 Qh6 22. Be2 f5 23. f4 fxe4 24. Nxe4 Bxe4 25. dxe4 c4 26. Qb2 c3 27. Qc2 g5 28. f5 g4 0-1